| 000 | 00462nam a22001337a 4500 | ||
|---|---|---|---|
| 082 | _aMSCS-4 FAR | ||
| 100 |
_aShahzad Ahmed Farooq _9106766 |
||
| 245 | _aSecurity in telesurgical systems | ||
| 260 |
_aIslamabad _bNUST-SEECS _c2015 |
||
| 300 |
_a83p. _b27cm. _eCD Includes |
||
| 500 | _aSupervisors: Dr. Sohail Iqbal, Dr. Abdul Ghafoor, Dr. Osman Hassan, Dr. Iftikhar Ahmed Rana | ||
| 856 | _uhttp://10.250.8.41:8080/xmlui/handle/123456789/32016 | ||
| 942 |
_cPR _2ddc |
||
| 999 |
_c13712 _d13712 |
||